Il Primo viaggio intorno al globo di Antonio Pigafetta e le sue regole sull'arte del navigare / per Andrea da Mosto. Girolamo Benzoni e la sua "Historia del mondo nuovo" / per Marco Allegri. (Record no. 181566)

MARC details
000 -LEADER
campo de control de longitud fija 01588nam a22003135i 4500
001 - NÚMERO DE CONTROL
campo de control 181566
003 - IDENTIFICADOR DE NÚMERO DE CONTROL
campo de control ES-MaACL
005 - FECHA Y HORA DE LA ÚLTIMA TRANSACCIÓN
campo de control 20230906221411.0
008 - DATOS DE LONGITUD FIJA--INFORMACIÓN GENERAL
campo de control de longitud fija 130213s1894 it |||| | ita d
040 ## - FUENTE DE CATALOGACIÓN
Centro catalogador/agencia de origen CAM
Lengua de catalogación spa
Centro/agencia transcriptor CAM
080 ## - NÚMERO DE LA CLASIFICACIÓN DECIMAL UNIVERSAL
Número de la Clasificación Decimal Universal 910.4(7/8)"14"
080 ## - NÚMERO DE LA CLASIFICACIÓN DECIMAL UNIVERSAL
Número de la Clasificación Decimal Universal 929 Colón, Cristóbal
100 1# - ENTRADA PRINCIPAL--NOMBRE DE PERSONA
Nombre de persona Da Mosto, Andrea.
9 (RLIN) 126688
245 13 - MENCIÓN DEL TÍTULO
Título Il Primo viaggio intorno al globo di Antonio Pigafetta e le sue regole sull'arte del navigare / per Andrea da Mosto. Girolamo Benzoni e la sua "Historia del mondo nuovo" / per Marco Allegri.
260 ## - PUBLICACIÓN, DISTRIBUCIÓN, ETC.
Lugar de publicación, distribución, etc. Roma :
Nombre del editor, distribuidor, etc. Auspice il Ministeo della Pubblica Istruzione,
Fecha de publicación, distribución, etc. 1894.
300 ## - DESCRIPCIÓN FÍSICA
Extensión 155 p. ;
Dimensiones 40 cm.
490 1# - MENCIÓN DE SERIE
Mención de serie Raccolta di documenti e studi pubblicati dalla R. Commissione Colombiana pel quarto centenario dalla scoperta dell' America ;
Designación de volumen o secuencia Parte V. Vol. III
530 ## - NOTA DISPONIBLE DE FORMULARIO FÍSICO ADICIONAL
Nota de formato físico adicional disponible Disponible también en sitio web.
600 14 - PUNTO DE ACCESO ADICIONAL DE MATERIA--NOMBRE DE PERSONA
Nombre de persona Colón, Cristóbal.
9 (RLIN) 39869
600 14 - PUNTO DE ACCESO ADICIONAL DE MATERIA--NOMBRE DE PERSONA
Nombre de persona Benzoni, Girolamo.
9 (RLIN) 152254
600 04 - PUNTO DE ACCESO ADICIONAL DE MATERIA--NOMBRE DE PERSONA
Nombre de persona Pigafetta, Antonio.
9 (RLIN) 91989
651 #4 - PUNTO DE ACCESO ADICIONAL DE MATERIA--NOMBRE GEOGRÁFICO
Nombre geográfico América-
Subdivisión general Descubrimientos y exploraciones.
9 (RLIN) 7694
700 1# - ENTRADA AGREGADA--NOMBRE PERSONAL
Nombre de persona Allegri, Marco.
9 (RLIN) 152226
710 2# - ENTRADA AGREGADA--NOMBRE DE ENTIDAD CORPORATIVA
Nombre de entidad corporativa o nombre de jurisdicción como elemento de entrada Commissione Colombiana pel Quarto Centenario dalla Scoperta dell'America.
9 (RLIN) 134285
830 0# - PUNTO DE ACCESO ADICIONAL DE SERIE-TÍTULO UNIFORME
Título uniforme Raccolta di documenti e studi pubblicati dalla R. Commissione Colombiana pel quarto centenario dalla scoperta dell' America ;
Designación de volumen o secuencia Parte V. Vol. III
9 (RLIN) 191485
852 ## - LOCALIZACIÓN
Ubicación ES-MaACL
Número de control de estantería G-361(2)
Nota libre .- Enc. pasta española
856 ## - LOCALIZACIÓN Y ACCESO ELECTRÓNICOS
Identificador Uniforme de Recursos <a href="http://bibliotecadigitalhispanica.bne.es:80/webclient/DeliveryManager?pid=2682254&custom_att_2=simple_viewer">http://bibliotecadigitalhispanica.bne.es:80/webclient/DeliveryManager?pid=2682254&custom_att_2=simple_viewer</a>
Nota pública Ir a la página
Holdings
Estatus retirado Estado de pérdida Estado de daño No para préstamo Colección Biblioteca de origen Biblioteca actual Ubicación en estantería Fecha de adquisición Fuente de adquisición Total de préstamos Signatura topográfica completa Código de barras Visto por última vez Precio de reemplazo Tipo de ítem Koha
        Colección digital Biblioteca del Ateneo de Madrid Biblioteca del Ateneo de Madrid Depósito 2 13/02/2013     G-361(2) 1190810 23/02/2023 23/02/2023 Libro impreso antiguo